[Event "GER-ch U14"]
[Site "Willingen"]
[Date "2023.06.02"]
[Round "8"]
[White "Lu, Yunong Elias"]
[Black "Tabales, Lennart"]
[Result "1-0"]
[WhiteElo "1823"]
[BlackElo "1374"]
[PlyCount "95"]
[EventDate "2023.05.27"]
[EventType "swiss"]
[EventRounds "9"]
[EventCountry "GER"]
[SourceTitle "CBM 214 Extra"]
[Source "ChessBase"]
[SourceDate "2023.07.31"]
[SourceVersion "1"]
[SourceVersionDate "2023.07.31"]
[SourceQuality "1"]

1. e4 d5 2. exd5 Qxd5 3. Nc3 Qa5 4. d4 c6 5. Bc4 Nf6 6. h3 Bf5 7. Nf3 e6 8. Bd2 Qc7 9. Ne5 Nbd7 10. Qe2 Nxe5 11. dxe5 Nd7 12. Bf4 0-0-0 13. 0-0-0 Bb4 14. Nb1 Nb6 15. Bg5 Rxd1+ 16. Rxd1 Nxc4 17. Qxc4 Be7 18. Bxe7 Qxe7 19. g4 Bg6 20. Nc3 Rd8 21. Nb5 Rxd1+ 22. Kxd1 Qd7+ 23. Nd6+ Kc7 24. Qa4 a6 25. c4 f6 26. f4 Be4 27. Qb3 c5 28. Qe3 Bg2 29. Qxc5+ Qc6 30. Qa5+ b6 31. Qa3 Qf3+ 32. Qxf3 Bxf3+ 33. Kd2 fxe5 34. fxe5 Bc6 35. Ke3 h6 36. h4 b5 37. cxb5 axb5 38. b4 Kd7 39. g5 hxg5 40. hxg5 g6 41. Kd4 Kc7 42. Kc5 Bd7 43. Nxb5+ Kb7 44. a4 Bxb5 45. axb5 Kc7 46. b6+ Kd7 47. b7 Kc7 48. b8B+ 1-0

[Event "GER-ch U14"]
[Site "Willingen"]
[Date "2023.05.29"]
[Round "3"]
[White "Torosyan, Bagrat"]
[Black "Tabales, Lennart"]
[Result "1-0"]
[WhiteElo "1973"]
[BlackElo "1374"]
[PlyCount "55"]
[EventDate "2023.05.27"]
[EventType "swiss"]
[EventRounds "9"]
[EventCountry "GER"]
[SourceTitle "CBM 214 Extra"]
[Source "ChessBase"]
[SourceDate "2023.07.31"]
[SourceVersion "1"]
[SourceVersionDate "2023.07.31"]
[SourceQuality "1"]

1. e4 d5 2. exd5 Qxd5 3. Nc3 Qa5 4. d4 c6 5. Nf3 Nf6 6. Bc4 Bf5 7. Ne5 e6 8. g4 Bg6 9. Nxg6 hxg6 10. Bd2 Qc7 11. Qe2 Rxh2 12. 0-0-0 Nbd7 13. g5 Nh5 14. Bxe6 0-0-0 15. Rxh2 Qxh2 16. Bxf7 Nf4 17. Qf3 Bd6 18. Rh1 Qg2 19. Qxg2 Nxg2 20. Rg1 Nf4 21. Rg4 Nh3 22. Ne4 Bc7 23. Be6 Rf8 24. Nc5 Nxf2 25. Bxd7+ Kd8 26. Ne6+ Ke7 27. Nxf8 Kxf8 28. Rg2 1-0

[Event "GER-ch U14"]
[Site "Willingen"]
[Date "2023.05.28"]
[Round "1"]
[White "Braeutigam, Alexander"]
[Black "Tabales, Lennart"]
[Result "1-0"]
[WhiteElo "1892"]
[BlackElo "1374"]
[PlyCount "109"]
[EventDate "2023.05.27"]
[EventType "swiss"]
[EventRounds "9"]
[EventCountry "GER"]
[SourceTitle "CBM 214 Extra"]
[Source "ChessBase"]
[SourceDate "2023.07.31"]
[SourceVersion "1"]
[SourceVersionDate "2023.07.31"]
[SourceQuality "1"]

1. c4 e5 2. Nc3 Nc6 3. g3 Nf6 4. Bg2 d6 5. d3 Be7 6. Nf3 h6 7. 0-0 Be6 8. Qc2 Qd7 9. a3 a5 10. e4 Bh3 11. Nd5 Bxg2 12. Kxg2 Nxd5 13. cxd5 Nd4 14. Nxd4 exd4 15. Qc4 Bf6 16. Bd2 0-0 17. Rac1 Rfc8 18. Rc2 c6 19. dxc6 bxc6 20. Rfc1 c5 21. b4 cxb4 22. Qxc8+ Rxc8 23. Rxc8+ Kh7 24. axb4 axb4 25. Bxb4 Qb5 26. R1c4 d5 27. R8c5 Qb7 28. Rxd5 Kg6 29. Bc5 Qb3 30. Rc1 Qxd3 31. Re1 Qd2 32. Kf1 Qd3+ 33. Kg1 Qd2 34. Rf1 Qd3 35. f3 Qe2 36. Rf2 Qc4 37. Kg2 Qc3 38. h4 h5 39. Bb6 Qe3 40. Bc7 Qc3 41. Bf4 d3 42. e5 Be7 43. Rd2 Qc4 44. R2xd3 Qc2+ 45. Rd2 Qf5 46. e6 Qb1 47. Rd7 Qb4 48. exf7 Bf8 49. Kh2 Kf6 50. Bg5+ Kg6 51. Kg2 Qa3 52. Rc2 Qa4 53. Rdc7 Qb4 54. Be3 Qd6 55. R2c6 1-0